000 00396cam3a220013300 4500
001 lce00242937
008 770415s1976 onc 000 1 eng d
035 _a(Sirsi) r16587
050 0 2 _aPZ 4 RII 1976
100 1 _aRiis, Sharon, 1947-
_dRiis, Sharon, 1947-
_6A74083.1
245 1 4 _aThe true story of Ida Johnson /
_cSharon Riis.
260 _aToronto :
_bWomen's Press,
_cc1976.
300 _a110p.
999 _c159357
_d159357